000 00282nam a2200109Ia 4500
008 190907s9999||||xx |||||||||||||| ||und||
100 _aChao , Woyczynski
245 0 _aProbability Theory And Harmonic Analysis
260 _aUSA
_bMarcel Dekker,INC
_c1986
300 _a291
942 _cBK
999 _c6367
_d6367